Animals: No Vowels - Statistics

General Stats
  • This quiz has been taken 66 times
  • The average score is 11 of 15
Answer Stats
Consonants Animal % Correct
LPHNT ELEPHANT
100%
MSQT MOSQUITO
98%
SLTH SLOTH
98%
GRFF GIRAFFE
97%
VLTR VULTURE
97%
RHNCRS RHINOCEROS
87%
CHTH CHEETAH
84%
CNTPD CENTIPEDE
79%
STRCH OSTRICH
79%
PRCPN PORCUPINE
77%
RNGTN ORANGUTAN
70%
CPBR CAPYBARA
48%
CTPS OCTOPUS
48%
SCCMBR SEA CUCUMBER
28%
MNGS MONGOOSE
26%
No matching quizzes found
Score Distribution
Percent of People with Each Score
Percentile by Number Answered
Your Score History
You have not taken this quiz